书目信息 |
| 题名: |
大众魔术
|
|
| 作者: | 陈容光 著 | |
| 分册: | ||
| 出版信息: | 长沙 湖南人民出版社 1982 |
|
| 页数: | 162页 | |
| 开本: | 19cm | |
| 丛书名: | ||
| 单 册: | ||
| 中图分类: | J828 | |
| 科图分类: | ||
| 主题词: | 魔术 | |
| 电子资源: | ||
| ISBN: | ||
| 000 | 00542nam0 2200217 45 | |
| 001 | 0182000081 | |
| 005 | 20060819171531.82 | |
| 010 | @dCNY0.38 | |
| 091 | @aCN@b8109.1339 | |
| 100 | @a19960215d1982 em y0chiy0121 ea | |
| 101 | 0 | @achi |
| 102 | @aCN@b430000 | |
| 105 | @ay z 000yy | |
| 200 | 10 | @a大众魔术@Ada zhong mo shu@f陈容光著 |
| 210 | @a长沙@c湖南人民出版社@d1982 | |
| 215 | @a162页@d19cm | |
| 606 | @a魔术 | |
| 690 | @aJ828@v3 | |
| 701 | 0 | @a陈容光@Achen rong guang@4著 |
| 801 | 0 | @aCN@bTSSF@c20060819 |
| 905 | @a10447@dJ828@e76 | |
| 大众魔术/陈容光著.-长沙:湖南人民出版社,1982 |
| 162页;19cm |
| ISBN :CNY0.38 |
| ● |
| 相关链接 |
|
|
|
|
正题名:大众魔术
索取号:J828/76
 
预约/预借
| 序号 | 登录号 | 条形码 | 馆藏地/架位号 | 状态 | 备注 |
| 1 | 0467000 | 204670007 | 密集书库/ [索取号:J828/76] | 在馆 |